| 000 | 00978nam a2200265Ia 4500 | ||
|---|---|---|---|
| 003 | OSt | ||
| 005 | 20221005103715.0 | ||
| 006 | a|||||r|||| 00| 0 | ||
| 007 | ta | ||
| 008 | 221004b |||||||| |||| 00| 0 hin d | ||
| 020 |
_a8188775509 (hbk (Set)) _c1600 |
||
| 024 | _a91376 | ||
| 037 |
_b429/PBD, 06/02/2009, Pioneer Books Distributors _cTextual |
||
| 040 |
_aCRL _cCRL _bhin |
||
| 041 |
_2hin _ahin |
||
| 082 | _aV73.N9, 152P8.1-.2 | ||
| 100 | _aगहलौत, बी. सिंह | ||
| 245 | 0 | _aअमेरिका का इतिहास | |
| 246 | _aAmerikā kā itihāsa | ||
| 260 |
_aदिल्ली _bअर्जुन पब्लिशिंग हाउस ुभारत _c2008 |
||
| 300 |
_a682पृ0 _ccm. |
||
| 650 | _aविश्व-इतिहास | ||
| 942 |
_hV73.N9, 152P8.1-.2 _cTEXL _2cc |
||
| 999 |
_c1010689 _d1010689 |
||